[Event "WinterChess sub 2200 enero 2013"]
[Site "Palma de Mallorca ESP"]
[Date "2013.01.18"]
[Round "7.13"]
[White "Perez Prieto, German"]
[Black "Figuerola Campins, Antonio"]
[Result "1-0"]
[WhiteElo "1839"]
[BlackElo "1889"]
[PlyCount "75"]
[EventDate "2013.01.12"]
[EventType "swiss"]
[EventRounds "9"]
[EventCountry "ESP"]
[Source "lmi"]
[SourceDate "2013.01.12"]

1. Nf3 g6 2. d4 Bg7 3. c4 d6 4. Nc3 Nd7 5. e4 e5 6. d5 f5 7. exf5 gxf5 8. Ng5
Ndf6 9. Be2 Ne7 10. Bh5+ Ng6 11. Nxh7 Nxh7 12. Bxg6+ Kf8 13. h4 Bf6 14. Bh6+
Ke7 15. Qh5 Nf8 16. g4 Nxg6 17. Qxg6 Qg8 18. Qxg8 Rxg8 19. g5 Bh8 20. Ke2 Bd7
21. Rag1 e4 22. g6 Bxc3 23. bxc3 b5 24. Bg5+ Kf8 25. Bf6 bxc4 26. h5 Rb8 27. h6
f4 28. Bg7+ Ke7 29. Rb1 Bg4+ 30. Kd2 Bf5 31. h7 e3+ 32. fxe3 Bxb1 33. Rxb1
fxe3+ 34. Kxe3 Rbe8 35. hxg8=Q Rxg8 36. Bd4 Rxg6 37. Rb7 Rg3+ 38. Kf4 1-0

[Event "WinterChess sub 2200 enero 2013"]
[Site "Palma de Mallorca ESP"]
[Date "2013.01.18"]
[Round "7.14"]
[White "Orcera Gomez, Francisco"]
[Black "Vich Ramirez, Carles"]
[Result "0-1"]
[WhiteElo "1783"]
[BlackElo "2126"]
[PlyCount "76"]
[EventDate "2013.01.12"]
[EventType "swiss"]
[EventRounds "9"]
[EventCountry "ESP"]
[Source "lmi"]
[SourceDate "2013.01.12"]

1. e4 e6 2. d4 d5 3. exd5 exd5 4. Bd3 Bd6 5. Qe2+ Ne7 6. Nf3 Nbc6 7. c3 Bg4 8.
Be3 Qd7 9. Nbd2 f6 10. a3 O-O-O 11. c4 dxc4 12. Nxc4 Rhe8 13. h3 Bf5 14. Qc2
Bxd3 15. Qxd3 Qf5 16. O-O-O Qd5 17. Nxd6+ Rxd6 18. Bf4 Re6 19. Rhe1 Ng6 20.
Rxe6 Rxe6 21. Be3 Rd6 22. Kb1 Nce7 23. Rc1 Qe6 24. h4 Nd5 25. h5 Nf8 26. Bd2 h6
27. Re1 Qd7 28. Ka1 Ne6 29. Qh7 b6 30. Qe4 Kb8 31. Nh4 Nd8 32. Ng6 Nc6 33. Nf8
Qf7 34. Qe8+ Qxe8 35. Rxe8+ Kb7 36. Be3 f5 37. Ng6 Nf6 38. Nh4 Nxe8 0-1

[Event "WinterChess sub 2200 enero 2013"]
[Site "Palma de Mallorca ESP"]
[Date "2013.01.18"]
[Round "7.15"]
[White "Planas Gene, Juan"]
[Black "Gimenez Garcia, Emilio"]
[Result "1-0"]
[WhiteElo "2109"]
[BlackElo "1840"]
[PlyCount "87"]
[EventDate "2013.01.12"]
[EventType "swiss"]
[EventRounds "9"]
[EventCountry "ESP"]
[Source "lmi"]
[SourceDate "2013.01.12"]

1. d4 d5 2. c4 e6 3. Nc3 Nf6 4. Bg5 Nbd7 5. e3 c6 6. Nf3 Qa5 7. Nd2 Bb4 8. Qc2
dxc4 9. Bxf6 Nxf6 10. Nxc4 Qc7 11. Bd3 Nd5 12. O-O Nxc3 13. bxc3 Be7 14. e4 O-O
15. e5 g6 16. Rfe1 b5 17. Ne3 c5 18. Bxb5 cxd4 19. cxd4 Qb6 20. Qc6 Bb7 21.
Qxb6 axb6 22. Rec1 Rfc8 23. a4 Ba3 24. Rxc8+ Rxc8 25. Nc4 Be7 26. Nxb6 Rd8 27.
Rd1 Bc5 28. Nd7 Ba7 29. a5 Bc8 30. Nb6 Bb7 31. f3 Bd5 32. Be2 Kf8 33. Kf2 Ke7
34. Rc1 Bxb6 35. axb6 Bb7 36. Rc7+ Rd7 37. Bb5 Rxc7 38. bxc7 Bc8 39. Ke3 f6 40.
Kd3 f5 41. Kc4 g5 42. Kc5 h5 43. Kb6 g4 44. Ka7 1-0

[Event "WinterChess sub 2200 enero 2013"]
[Site "Palma de Mallorca ESP"]
[Date "2013.01.18"]
[Round "7.16"]
[White "Schenk Papke, Andres"]
[Black "Caliz Morales, Felipe"]
[Result "0-1"]
[WhiteElo "2046"]
[BlackElo "1838"]
[PlyCount "100"]
[EventDate "2013.01.12"]
[EventType "swiss"]
[EventRounds "9"]
[EventCountry "ESP"]
[Source "lmi"]
[SourceDate "2013.01.12"]

1. d4 Nf6 2. c4 e5 3. dxe5 Ng4 4. Bf4 Nc6 5. Nf3 Bb4+ 6. Nbd2 Qe7 7. a3 Ngxe5
8. Nxe5 Nxe5 9. e3 Bxd2+ 10. Qxd2 d6 11. Be2 Be6 12. Qc3 f6 13. Rd1 O-O 14. c5
Rfd8 15. cxd6 cxd6 16. O-O Rac8 17. Qb4 Rc5 18. Rd2 a5 19. Qb6 Qc7 20. Qxc7
Rxc7 21. h3 Kf7 22. e4 Ke7 23. g4 h6 24. Rb1 a4 25. Be3 Rdc8 26. Bb5 Nf3+ 27.
Kg2 Nxd2 28. Bxd2 Bb3 29. Bc3 Rc5 30. Be2 Rxc3 31. bxc3 Rxc3 32. f4 Rc2 33. Kf3
d5 34. exd5 Bxd5+ 35. Ke3 Bc6 36. Bb5 Rc3+ 37. Kd4 Rxa3 38. Bxc6 bxc6 39. Rb7+
Kf8 40. Kc5 Rxh3 41. Kxc6 Rg3 42. Rb4 Rxg4 43. Rxa4 Kf7 44. Kd6 h5 45. Kd5 g5
46. Ra7+ Kg6 47. fxg5 Kxg5 48. Ke6 Re4+ 49. Kd5 Re5+ 50. Kd4 h4 0-1

[Event "WinterChess sub 2200 enero 2013"]
[Site "Palma de Mallorca ESP"]
[Date "2013.01.18"]
[Round "7.17"]
[White "Nadal Marti, Bernardo Pedro"]
[Black "Trillo-Figueroa Vidal, Antonio"]
[Result "1-0"]
[WhiteElo "1941"]
[BlackElo "1743"]
[PlyCount "73"]
[EventDate "2013.01.12"]
[EventType "swiss"]
[EventRounds "9"]
[EventCountry "ESP"]
[Source "lmi"]
[SourceDate "2013.01.12"]

1. d4 d5 2. c4 c6 3. Nc3 Nf6 4. Bg5 e6 5. e3 Nbd7 6. cxd5 exd5 7. Bd3 Be7 8.
Nf3 O-O 9. O-O c5 10. Qc2 c4 11. Be2 a6 12. a4 b6 13. b3 cxb3 14. Qxb3 Bb7 15.
Rab1 Rc8 16. Bxf6 Bxf6 17. Nxd5 Bxd5 18. Qxd5 a5 19. Bb5 Nb8 20. Qxd8 Rfxd8 21.
Rfc1 Be7 22. Bd3 Bb4 23. Bf5 Rc6 24. Ne5 Rxc1+ 25. Rxc1 Bd6 26. Nc4 Bc7 27.
Nxa5 Bxh2+ 28. Kxh2 bxa5 29. Rc5 g6 30. Bd3 f5 31. Rxa5 Nc6 32. Rc5 Nb4 33.
Bc4+ Kg7 34. Rb5 Nc2 35. a5 f4 36. Rb7+ Kh6 37. Bd3 1-0

[Event "WinterChess sub 2200 enero 2013"]
[Site "Palma de Mallorca ESP"]
[Date "2013.01.18"]
[Round "7.18"]
[White "Moya Pol, Antonio"]
[Black "Fullana Benito, David"]
[Result "1/2-1/2"]
[WhiteElo "1854"]
[BlackElo "1825"]
[PlyCount "75"]
[EventDate "2013.01.12"]
[EventType "swiss"]
[EventRounds "9"]
[EventCountry "ESP"]
[Source "lmi"]
[SourceDate "2013.01.12"]

1. c4 e6 2. Nc3 Nf6 3. g3 c6 4. Bg2 Be7 5. Nf3 d5 6. cxd5 exd5 7. d4 Bf5 8. a3
Nbd7 9. O-O O-O 10. Qb3 b5 11. Bf4 Qb6 12. Qd1 a5 13. h3 b4 14. Na4 Qb5 15. g4
Bg6 16. Nh4 Nb6 17. Nxb6 Qxb6 18. Nxg6 hxg6 19. e3 Rfc8 20. Qd3 Qb5 21. Qd1 a4
22. Re1 c5 23. dxc5 bxa3 24. bxa3 Qxc5 25. Be5 Qc4 26. Qb1 Qb3 27. Qxb3 axb3
28. Reb1 Rxa3 29. Rxa3 Bxa3 30. Rxb3 Rc1+ 31. Kh2 Bc5 32. Rc3 Rxc3 33. Bxc3 Ne4
34. Bd4 Bd6+ 35. Kg1 f5 36. f3 Nc5 37. Bxc5 Bxc5 38. Kf2 1/2-1/2

[Event "WinterChess sub 2200 enero 2013"]
[Site "Palma de Mallorca ESP"]
[Date "2013.01.18"]
[Round "7.19"]
[White "Terradas Calafell, Jaume"]
[Black "Nadal Tur, Antonio"]
[Result "0-1"]
[WhiteElo "1784"]
[BlackElo "1706"]
[PlyCount "73"]
[EventDate "2013.01.12"]
[EventType "swiss"]
[EventRounds "9"]
[EventCountry "ESP"]
[Source "lmi"]
[SourceDate "2013.01.12"]

1. e4 d5 2. exd5 Qxd5 3. Nc3 Qd6 4. Bc4 Nf6 5. d4 a6 6. Nge2 b5 7. Bb3 Bb7 8.
Bf4 Qd8 9. f3 e6 10. O-O b4 11. Na4 Nbd7 12. c3 bxc3 13. Naxc3 Nh5 14. Be3 Bd6
15. Ne4 O-O 16. Qd3 Bxe4 17. fxe4 Nc5 18. Qc2 Nxb3 19. Qxb3 Rb8 20. Qc2 Be7 21.
Rac1 Bg5 22. Rf3 Bxe3+ 23. Rxe3 Qg5 24. Rc3 Nf6 25. b3 h5 26. Rg3 Qh4 27. Nc3
Rfd8 28. Qf2 Ng4 29. Qe1 Qxh2+ 30. Kf1 Qh1+ 31. Ke2 Qxe1+ 32. Rxe1 Rxd4 33. Rf3
Rbd8 34. Rd1 Rxd1 35. Nxd1 Rd4 36. Rc3 Rd7 37. Kf3 0-1

[Event "WinterChess sub 2200 enero 2013"]
[Site "Palma de Mallorca ESP"]
[Date "2013.01.18"]
[Round "7.20"]
[White "Prill, Gerhard"]
[Black "Ramis Sebastia, Jordi Salvador"]
[Result "1/2-1/2"]
[WhiteElo "2056"]
[BlackElo "1696"]
[PlyCount "59"]
[EventDate "2013.01.12"]
[EventType "swiss"]
[EventRounds "9"]
[EventCountry "ESP"]
[Source "lmi"]
[SourceDate "2013.01.12"]

1. e4 e6 2. d4 d5 3. Nc3 Nf6 4. Bg5 Bb4 5. e5 h6 6. Be3 Ne4 7. Qg4 g6 8. a3
Bxc3+ 9. bxc3 c5 10. Bd3 Qa5 11. Ne2 cxd4 12. Bxd4 Nc6 13. O-O Nxd4 14. cxd4 h5
15. Qf3 Bd7 16. Bxe4 dxe4 17. Qf6 O-O 18. Ng3 Bc6 19. Rfe1 Rad8 20. Nxh5 gxh5
21. Re3 Rfe8 22. Rg3+ Kf8 23. Rg5 Qc3 24. Rf1 e3 25. Rxh5 exf2+ 26. Rxf2 Qe1+
27. Rf1 Qe3+ 28. Rf2 Qe1+ 29. Rf1 Qe3+ 30. Rf2 1/2-1/2

[Event "WinterChess sub 2200 enero 2013"]
[Site "Palma de Mallorca ESP"]
[Date "2013.01.18"]
[Round "7.21"]
[White "Dominguez Marquez, Juan Carlos"]
[Black "Rubert Cabrillana, Antonio"]
[Result "1-0"]
[WhiteElo "1738"]
[BlackElo "1297"]
[PlyCount "41"]
[EventDate "2013.01.12"]
[EventType "swiss"]
[EventRounds "9"]
[EventCountry "ESP"]
[Source "lmi"]
[SourceDate "2013.01.12"]

1. e4 e5 2. Nf3 Nf6 3. Nc3 d6 4. d4 Nbd7 5. Bg5 Be7 6. Bb5 c6 7. Ba4 Nb6 8.
dxe5 dxe5 9. Qxd8+ Bxd8 10. Nxe5 Nxa4 11. Nxa4 Ba5+ 12. c3 Nxe4 13. Bf4 g5 14.
Be3 Be6 15. Nc5 Rb8 16. Nxe4 h6 17. Bd4 Rf8 18. O-O Bc7 19. Nf6+ Ke7 20. Ne4 b6
21. Nxc6+ 1-0

[Event "WinterChess sub 2200 enero 2013"]
[Site "Palma de Mallorca ESP"]
[Date "2013.01.18"]
[Round "7.22"]
[White "Rubert Alfonso, Victor"]
[Black "Alcover Balaguer, Jordi"]
[Result "1-0"]
[WhiteElo "1591"]
[BlackElo "1736"]
[PlyCount "67"]
[EventDate "2013.01.12"]
[EventType "swiss"]
[EventRounds "9"]
[EventCountry "ESP"]
[Source "lmi"]
[SourceDate "2013.01.12"]

1. e4 e6 2. d4 d5 3. exd5 exd5 4. Nf3 Nf6 5. Nc3 Nc6 6. Be2 Be7 7. O-O O-O 8.
Bf4 a6 9. Re1 Re8 10. Ne5 Nxe5 11. Bxe5 c6 12. a3 Nd7 13. Bd3 Nxe5 14. dxe5 Bg5
15. Qe2 f6 16. Qh5 f5 17. h4 g6 18. Qxg5 Qxg5 19. hxg5 Bd7 20. f4 b5 21. Ne2 c5
22. c3 Bc6 23. b4 Rac8 24. Bc2 d4 25. cxd4 cxd4 26. Nxd4 Bd5 27. Rac1 Rc4 28.
Ne2 Kf8 29. Bd3 Rcc8 30. Rxc8 Rxc8 31. Rc1 Bc4 32. Nd4 Ke7 33. Kf2 Rd8 34. Nc6+
1-0

[Event "WinterChess sub 2200 enero 2013"]
[Site "Palma de Mallorca ESP"]
[Date "2013.01.18"]
[Round "7.24"]
[White "Abrines Sampol, Lorenzo"]
[Black "Garcia Comendador, Simon"]
[Result "1/2-1/2"]
[WhiteElo "1701"]
[BlackElo "1643"]
[PlyCount "75"]
[EventDate "2013.01.12"]
[EventType "swiss"]
[EventRounds "9"]
[EventCountry "ESP"]
[Source "lmi"]
[SourceDate "2013.01.12"]

1. e4 e5 2. Nf3 Nc6 3. Bc4 Nf6 4. d3 h6 5. O-O a6 6. a3 Bc5 7. b4 Ba7 8. Bb2 d6
9. h3 O-O 10. Re1 Be6 11. Nbd2 b5 12. Bb3 Ne7 13. c4 Ng6 14. d4 Nf4 15. Qc2
bxc4 16. Nxc4 d5 17. Ncxe5 Nxe4 18. Nc6 Qd6 19. Nxa7 Rxa7 20. Ne5 Bf5 21. Qc6
Raa8 22. Bc2 Qxc6 23. Nxc6 Bh7 24. f3 Nd6 25. Bxh7+ Kxh7 26. Re7 Nd3 27. Rb1
Nb5 28. a4 Nxb2 29. Rxb2 Nc3 30. Rxc7 Nxa4 31. Rc2 Nb6 32. Ne5 f6 33. Nd7 Nxd7
34. Rxd7 Rfd8 35. Rcc7 Rxd7 36. Rxd7 Rb8 37. Rxd5 Rxb4 38. Rd8 1/2-1/2

[Event "WinterChess sub 2200 enero 2013"]
[Site "Palma de Mallorca ESP"]
[Date "2013.01.18"]
[Round "7.26"]
[White "Rossello Sanchez, Bartolome"]
[Black "Carranza Pons, Ricardo Nelson"]
[Result "0-1"]
[WhiteElo "1345"]
[BlackElo "1741"]
[PlyCount "62"]
[EventDate "2013.01.12"]
[EventType "swiss"]
[EventRounds "9"]
[EventCountry "ESP"]
[Source "lmi"]
[SourceDate "2013.01.12"]

1. d4 Nf6 2. e3 g6 3. Nf3 Bg7 4. c4 d5 5. h3 c6 6. a3 O-O 7. Nc3 Nbd7 8. b4
dxc4 9. Bxc4 Nb6 10. Bb3 Bf5 11. Bb2 Ne4 12. Ne2 Nd5 13. g4 Be6 14. Qd3 f5 15.
g5 Qd6 16. h4 a5 17. h5 axb4 18. a4 c5 19. hxg6 hxg6 20. Nh4 Bf7 21. Ng1 cxd4
22. Bxd4 e5 23. Bb2 Nc5 24. Qd1 Nxb3 25. Qxb3 Nf4 26. Qd1 Nd3+ 27. Kf1 Rfd8 28.
Qf3 Nxb2 29. Nxf5 Qd3+ 30. Ne2 Qxf5 31. Qxb7 Bd5 0-1

[Event "WinterChess sub 2200 enero 2013"]
[Site "Palma de Mallorca ESP"]
[Date "2013.01.18"]
[Round "7.28"]
[White "Martinez Fernandez, Emma"]
[Black "Coll Verger, Amador"]
[Result "0-1"]
[WhiteElo "1507"]
[BlackElo "1712"]
[PlyCount "90"]
[EventDate "2013.01.12"]
[EventType "swiss"]
[EventRounds "9"]
[EventCountry "ESP"]
[Source "lmi"]
[SourceDate "2013.01.12"]

1. e4 d5 2. d4 dxe4 3. Nc3 Bf5 4. f3 exf3 5. Qxf3 Bc8 6. Bf4 c6 7. O-O-O Nf6 8.
h3 e6 9. a3 Nd5 10. Bc4 Nxf4 11. Qxf4 Bd6 12. Qf3 O-O 13. g4 Qg5+ 14. Kb1 b5
15. Ne4 Qe7 16. Ba2 a5 17. h4 Bb7 18. Qd3 a4 19. Ng5 g6 20. N1f3 b4 21. h5 bxa3
22. hxg6 hxg6 23. Rh7 Bc8 24. Qe3 Qb7 25. b3 axb3 26. cxb3 Nd7 27. Rdh1 Nf6 28.
Rh8+ Kg7 29. Nxe6+ fxe6 30. Qh6+ Kf7 31. Ng5+ Ke8 32. Qxg6+ Kd7 33. Qg7+ Ke8
34. Rxf8+ Bxf8 35. Qxf6 Qg7 36. Rf1 Qxf6 37. Rxf6 Be7 38. Rg6 Bxg5 39. Rxg5 Kf7
40. Rh5 Ba6 41. Kc2 Rg8 42. Rh4 Kg6 43. b4 Rf8 44. Rh2 Rf4 45. Kc3 Rf3+ 0-1

[Event "WinterChess sub 2200 enero 2013"]
[Site "Palma de Mallorca ESP"]
[Date "2013.01.18"]
[Round "7.29"]
[White "Porcel Jimenez, Ramon"]
[Black "Castell Cantero, Jose Juan"]
[Result "0-1"]
[WhiteElo "1447"]
[BlackElo "1530"]
[PlyCount "28"]
[EventDate "2013.01.12"]
[EventType "swiss"]
[EventRounds "9"]
[EventCountry "ESP"]
[Source "lmi"]
[SourceDate "2013.01.12"]

1. e4 c5 2. d3 Nc6 3. g3 d5 4. Nd2 Nf6 5. Bg2 Bg4 6. f3 Bh5 7. Ne2 dxe4 8. fxe4
Nd4 9. Nf3 Bxf3 10. Bxf3 Nxf3+ 11. Kf2 Ne5 12. Nf4 Qd4+ 13. Be3 Nfg4+ 14. Ke2
Qxe3+ 0-1

[Event "WinterChess sub 2200 enero 2013"]
[Site "Palma de Mallorca ESP"]
[Date "2013.01.19"]
[Round "8.1"]
[White "Shen, Yue"]
[Black "Queirolo Perez, Manuel"]
[Result "1-0"]
[WhiteElo "2150"]
[BlackElo "2096"]
[PlyCount "97"]
[EventDate "2013.01.12"]
[EventType "swiss"]
[EventRounds "9"]
[EventCountry "ESP"]
[Source "lmi"]
[SourceDate "2013.01.12"]

1. d4 c5 2. d5 g6 3. c4 Bg7 4. Nc3 d6 5. g3 Na6 6. Bg2 Nf6 7. Nf3 O-O 8. O-O
Rb8 9. Nd2 Nc7 10. a4 Na6 11. h3 Nb4 12. Re1 Nd7 13. f4 f5 14. Nf3 h6 15. Nh4
Kh7 16. e4 Nb6 17. Qe2 e5 18. a5 Nxc4 19. Qxc4 Nc2 20. Bd2 exf4 21. exf5 Bd4+
22. Kh1 Bxf5 23. Nxf5 gxf5 24. Bxf4 Nxa1 25. Rxa1 Qf6 26. Re1 Be5 27. Bxe5 dxe5
28. Qxc5 Rbc8 29. Qxa7 Qg7 30. d6 Rf7 31. Qe3 Re8 32. Bd5 Rf6 33. Nb5 e4 34.
Rc1 Rd8 35. Rc7 Rd7 36. Rxd7 Qxd7 37. Qb6 e3 38. Bc4 Kg6 39. Be2 Qe6 40. Qxb7
Rf7 41. Qf3 Qb3 42. a6 Qxb2 43. a7 Qa1+ 44. Kg2 Rxa7 45. Nxa7 Qxa7 46. Qd5 Qd7
47. Bd3 Kg7 48. Qe5+ Kg8 49. Bc4+ 1-0

[Event "WinterChess sub 2200 enero 2013"]
[Site "Palma de Mallorca ESP"]
[Date "2013.01.19"]
[Round "8.2"]
[White "Asensio Ramos, Enrique Fernando"]
[Black "Gromovs, Sergejs"]
[Result "0-1"]
[WhiteElo "1904"]
[BlackElo "2001"]
[PlyCount "90"]
[EventDate "2013.01.12"]
[EventType "swiss"]
[EventRounds "9"]
[EventCountry "ESP"]
[Source "lmi"]
[SourceDate "2013.01.12"]

1. d4 Nf6 2. Bf4 c5 3. e3 Qb6 4. Nc3 cxd4 5. Qxd4 Qxd4 6. exd4 d6 7. Nf3 Bg4 8.
Be2 a6 9. h3 Bf5 10. O-O-O Nbd7 11. g4 Bg6 12. Nh4 O-O-O 13. Nxg6 hxg6 14. Bf3
e6 15. Bg2 d5 16. a4 Nb6 17. b3 Bb4 18. Na2 Bd6 19. Bg5 Kb8 20. a5 Nbd7 21. c4
dxc4 22. bxc4 Rc8 23. c5 Bxc5 24. Kb2 Bd6 25. Rb1 Rc4 26. Ka1 Nd5 27. Bf1 Rc6
28. Bd2 Ka8 29. Rb2 Ba3 30. Rb3 Be7 31. Bc1 Rc2 32. Bd3 Rxf2 33. g5 Rh4 34. Bb2
Bxg5 35. Rb1 Bf6 36. Rc1 Bxd4 37. Rc8+ Ka7 38. Bxd4+ Rxd4 39. Bxa6 Rxa2+ 40.
Kxa2 Nb4+ 41. Kb1 Nxa6 42. Rd8 Nac5 43. Rf3 Rb4+ 44. Kc2 Rc4+ 45. Kb2 Na4+ 0-1

[Event "WinterChess sub 2200 enero 2013"]
[Site "Palma de Mallorca ESP"]
[Date "2013.01.19"]
[Round "8.3"]
[White "Bestard Borras, Miguel"]
[Black "Torres Tur, Juan"]
[Result "0-1"]
[WhiteElo "2178"]
[BlackElo "2045"]
[PlyCount "88"]
[EventDate "2013.01.12"]
[EventType "swiss"]
[EventRounds "9"]
[EventCountry "ESP"]
[Source "lmi"]
[SourceDate "2013.01.12"]

1. d4 f5 2. e4 fxe4 3. Nc3 Nf6 4. Bg5 d5 5. Bxf6 exf6 6. Qh5+ g6 7. Qxd5 Bd6 8.
Bc4 Qe7 9. Qxe4 Bf5 10. Qxe7+ Bxe7 11. Nd5 Bd8 12. O-O-O c6 13. Re1+ Kf8 14.
Ne3 Bd7 15. h4 h5 16. Nh3 b5 17. Bd3 Kg7 18. Nf4 f5 19. g4 hxg4 20. h5 g5 21.
Ng6 f4 22. Nxh8 fxe3 23. Ng6 exf2 24. h6+ Kf7 25. Re2 g3 26. h7 Bf6 27. h8=Q
Bxh8 28. Re7+ Kf6 29. Rhh7 Be6 30. Ne5 g4 31. Bf1 Na6 32. Nd3 Bf5 33. Rhf7+ Kg5
34. Ne5 Nb4 35. Kd2 c5 36. Bg2 Rd8 37. c3 Nd5 38. Ke2 Nxe7 39. Rxe7 cxd4 40.
Nf7+ Kf6 41. Nxd8 Kxe7 42. Nc6+ Kd6 43. cxd4 a6 44. b3 Bf6 0-1

[Event "WinterChess sub 2200 enero 2013"]
[Site "Palma de Mallorca ESP"]
[Date "2013.01.19"]
[Round "8.4"]
[White "Guerreiro, Nuno"]
[Black "Valls Casas, Jordi"]
[Result "1-0"]
[WhiteElo "2085"]
[BlackElo "2030"]
[PlyCount "92"]
[EventDate "2013.01.12"]
[EventType "swiss"]
[EventRounds "9"]
[EventCountry "ESP"]
[Source "lmi"]
[SourceDate "2013.01.12"]

1. Nf3 d5 2. g3 c6 3. Bg2 Bf5 4. h3 Qc8 5. b3 f6 6. d4 Nd7 7. Bb2 a5 8. a3 Nh6
9. Nbd2 Nf7 10. Nh4 Be6 11. e4 a4 12. c4 Nb6 13. Rc1 Qb8 14. exd5 cxd5 15. c5
Nc8 16. O-O g5 17. Qe2 Nd8 18. Nhf3 axb3 19. Rfe1 Qc7 20. Qb5+ Qd7 21. Qxb3 Bh6
22. Qe3 Bxh3 23. Kh2 Bxg2 24. Kxg2 Nf7 25. Qe2 Ra5 26. Nb3 Rb5 27. Rc3 O-O 28.
Rd3 Re8 29. Qc2 Qf5 30. Qc3 e5 31. a4 Rxb3 32. Qxb3 e4 33. Ng1 Re7 34. Rc3 g4
35. Bc1 Bxc1 36. Rcxc1 Ng5 37. Re3 Nf3 38. Ne2 Na7 39. Nf4 Rd7 40. Rh1 Nxd4 41.
Qb6 Nf3 42. Qxa7 d4 43. Rb3 e3 44. Rxb7 Ne1+ 45. Kf1 e2+ 46. Kxe1 Qe4 1-0

[Event "WinterChess sub 2200 enero 2013"]
[Site "Palma de Mallorca ESP"]
[Date "2013.01.19"]
[Round "8.5"]
[White "Sanchez Fernandez, Jose Joaqui"]
[Black "Gaya Llodra, Juan"]
[Result "1/2-1/2"]
[WhiteElo "1989"]
[BlackElo "2173"]
[PlyCount "75"]
[EventDate "2013.01.12"]
[EventType "swiss"]
[EventRounds "9"]
[EventCountry "ESP"]
[Source "lmi"]
[SourceDate "2013.01.12"]

1. e4 e6 2. d4 d5 3. Nc3 Nf6 4. Bg5 Be7 5. e5 Nfd7 6. Bxe7 Qxe7 7. Nb5 Nb6 8.
Nf3 a6 9. Nc3 N6d7 10. Be2 b6 11. O-O c5 12. Re1 Bb7 13. Nb1 Nc6 14. c3 O-O-O
15. a3 f6 16. exf6 gxf6 17. b4 e5 18. dxc5 bxc5 19. b5 axb5 20. Bxb5 Qe6 21. a4
Na5 22. Nbd2 Rhg8 23. g3 e4 24. Bxd7+ Qxd7 25. Nh4 f5 26. Ng2 d4 27. cxd4 cxd4
28. Nb3 Nxb3 29. Qxb3 Qd5 30. Qc2+ Kb8 31. Nf4 Qd6 32. Reb1 Rg7 33. a5 Rc8 34.
Qb3 Rc6 35. Qb5 Rc5 36. Qe8+ Rc8 37. Qb5 Rc5 38. Qe8+ 1/2-1/2

[Event "WinterChess sub 2200 enero 2013"]
[Site "Palma de Mallorca ESP"]
[Date "2013.01.19"]
[Round "8.6"]
[White "Fiol Company, Juan"]
[Black "Ponce Cano, Adrian"]
[Result "0-1"]
[WhiteElo "1935"]
[BlackElo "2078"]
[PlyCount "82"]
[EventDate "2013.01.12"]
[EventType "swiss"]
[EventRounds "9"]
[EventCountry "ESP"]
[Source "lmi"]
[SourceDate "2013.01.12"]

1. e4 c5 2. Nf3 e6 3. d4 d5 4. exd5 exd5 5. Bb5+ Nc6 6. O-O Nf6 7. Re1+ Be7 8.
Nc3 O-O 9. Bg5 a6 10. Bf1 c4 11. Ne5 Na7 12. g3 h6 13. Be3 Bb4 14. Bg2 Nb5 15.
Qd2 Nd6 16. f3 Nf5 17. Bf2 Be6 18. g4 Ne7 19. h4 Nd7 20. a3 Ba5 21. Qe3 Nxe5
22. Qxe5 Ng6 23. Qh5 Bc7 24. Rxe6 Nf4 25. Rxh6 Nxh5 26. Rxh5 Qd6 27. Rxd5 Qh2+
28. Kf1 Rfd8 29. Rh5 g6 30. Rh6 Kg7 31. g5 Rh8 32. Rxh8 Rxh8 33. Ne4 Re8 34. d5
Rd8 35. Rd1 b6 36. d6 Bxd6 37. Bg3 Bxg3 38. Rxd8 Bxh4 39. c3 Qf4 40. Rd5 Qc1+
41. Ke2 Qe1# 0-1

[Event "WinterChess sub 2200 enero 2013"]
[Site "Palma de Mallorca ESP"]
[Date "2013.01.19"]
[Round "8.7"]
[White "Oliver Amengual, Adria"]
[Black "Munar Rossello, Pedro"]
[Result "0-1"]
[WhiteElo "1931"]
[BlackElo "2076"]
[PlyCount "38"]
[EventDate "2013.01.12"]
[EventType "swiss"]
[EventRounds "9"]
[EventCountry "ESP"]
[Source "lmi"]
[SourceDate "2013.01.12"]

1. e4 c5 2. Nf3 Nf6 3. e5 Nd5 4. Nc3 e6 5. Nxd5 exd5 6. d4 Nc6 7. dxc5 Bxc5 8.
Qxd5 Qb6 9. Bc4 Bxf2+ 10. Ke2 O-O 11. Rf1 Bc5 12. Ng5 Nxe5 13. Qxe5 d5 14. Rxf7
Bg4+ 15. Kf1 Rxf7+ 16. Nxf7 dxc4 17. h3 Rf8 18. hxg4 Rxf7+ 19. Bf4 Qd6 0-1

[Event "WinterChess sub 2200 enero 2013"]
[Site "Palma de Mallorca ESP"]
[Date "2013.01.19"]
[Round "8.8"]
[White "Llorens Hofman, Ivan"]
[Black "Perez Prieto, German"]
[Result "1-0"]
[WhiteElo "2036"]
[BlackElo "1839"]
[PlyCount "61"]
[EventDate "2013.01.12"]
[EventType "swiss"]
[EventRounds "9"]
[EventCountry "ESP"]
[Source "lmi"]
[SourceDate "2013.01.12"]

1. d4 Nf6 2. c4 e6 3. Nf3 b6 4. a3 Bb7 5. Nc3 Be7 6. d5 O-O 7. e4 exd5 8. cxd5
d6 9. Bd3 Ba6 10. Bxa6 Nxa6 11. b4 Nb8 12. O-O c6 13. Nd4 cxd5 14. exd5 Qd7 15.
Re1 Ne8 16. Bb2 f5 17. Ne6 Rf7 18. Ne2 Nc6 19. dxc6 Qxe6 20. Rc1 Nc7 21. Nf4
Qh6 22. Nd5 Bg5 23. Rc2 Kf8 24. Nxc7 Rxc7 25. Qd5 Be7 26. Qxf5+ Kg8 27. Qd5+
Kf8 28. Re3 Qg6 29. Rc1 Rac8 30. b5 Qg5 31. Rf3+ 1-0

[Event "WinterChess sub 2200 enero 2013"]
[Site "Palma de Mallorca ESP"]
[Date "2013.01.19"]
[Round "8.9"]
[White "Gallardo Pina, Neus"]
[Black "Planas Gene, Juan"]
[Result "0-1"]
[WhiteElo "1891"]
[BlackElo "2109"]
[PlyCount "98"]
[EventDate "2013.01.12"]
[EventType "swiss"]
[EventRounds "9"]
[EventCountry "ESP"]
[Source "lmi"]
[SourceDate "2013.01.12"]

1. f4 Nf6 2. Nf3 g6 3. d4 Bg7 4. Nbd2 O-O 5. e4 d6 6. Bd3 c5 7. d5 e6 8. dxe6
fxe6 9. O-O Ng4 10. Nc4 b5 11. Ne3 Bxb2 12. Bxb2 Nxe3 13. Qd2 Nxf1 14. Qc3 e5
15. fxe5 Rxf3 16. e6 Qf6 17. e7 Qxc3 18. e8=Q+ Rf8 19. Qxf8+ Kxf8 20. Rxf1+ Ke7
21. Bxc3 c4 22. Be2 Nd7 23. a4 a6 24. a5 Bb7 25. Rf4 Ne5 26. Rh4 Rh8 27. Bf3
Bc6 28. Kf2 h5 29. Bxe5 dxe5 30. g4 Rf8 31. gxh5 g5 32. Rg4 Kd6 33. Ke3 b4 34.
Rxg5 b3 35. cxb3 cxb3 36. Rg2 Rb8 37. Rb2 Kc5 38. Bg4 Ba4 39. Be6 Kb4 40. Kd3
Rd8+ 41. Ke3 Kc3 42. Rg2 Rd3+ 43. Kf2 Rd2+ 44. Kf3 Rxg2 45. Kxg2 b2 46. Ba2 Bc2
47. Kf3 Kd4 48. h6 Bxe4+ 49. Ke2 b1=Q 0-1

[Event "WinterChess sub 2200 enero 2013"]
[Site "Palma de Mallorca ESP"]
[Date "2013.01.19"]
[Round "8.10"]
[White "Crespi Lopez, Juan"]
[Black "Nadal Marti, Bernardo Pedro"]
[Result "0-1"]
[WhiteElo "1972"]
[BlackElo "1941"]
[PlyCount "58"]
[EventDate "2013.01.12"]
[EventType "swiss"]
[EventRounds "9"]
[EventCountry "ESP"]
[Source "lmi"]
[SourceDate "2013.01.12"]

1. d4 d5 2. c4 c6 3. Nf3 Nf6 4. Nc3 e6 5. Bg5 Nbd7 6. e3 Qa5 7. Nd2 Bb4 8. Qc2
dxc4 9. Bxf6 Nxf6 10. Nxc4 Qg5 11. Ne5 Nd5 12. e4 Nb6 13. a3 Bd6 14. Nf3 Qg6
15. g3 f5 16. Bg2 O-O 17. O-O Kh8 18. Rad1 Bd7 19. d5 cxd5 20. exd5 e5 21. Rfe1
Qf6 22. Qe2 Rae8 23. Nb5 Bb8 24. Nd2 e4 25. Nf1 Qe5 26. Nc3 Bd6 27. Ne3 f4 28.
Ng4 Qh5 29. Nxe4 Bxg4 0-1